Laufey explicit songs - Statistics

General Stats
  • This quiz has been taken 7 times
  • The average score is 5 of 10
Answer Stats
Hint Answer % Correct
Best Friend
100%
Clean Air
83%
Tough Luck
83%
Goddess
67%
Too Little, Too Late
67%
Clockwork
50%
Feature The Longest Goodbye
33%
Best Friend - Live At The Symphony
17%
Goddess - Live From The Hollywood Bowl
17%
Dreamer - Live From The Hollywood Bowl
0%
No matching quizzes found
Score Distribution
Percent of People with Each Score
Percentile by Number Answered
Your Score History
You have not taken this quiz